| 000 | 00842nam a2200241 i 4500 | ||
|---|---|---|---|
| 001 | bg | ||
| 245 | 0 | 0 |
_aEgalitaryzm - kształcenie masowe czy przymus kształcenia w społeczeństwie demokratycznym / _cred. nauk. Elżbieta Gaweł-Luty ; Pomorska Akademia Pedagogiczna w Słupsku. |
| 260 |
_aSłupsk : _bWydaw. Uczelniane PAP, _c2001. |
||
| 300 |
_a163 s. : _bil. ; _c25 cm. |
||
| 504 | _aBibliogr. przy rozdz. | ||
| 650 | 9 | _aEgalitaryzm | |
| 650 | 9 |
_aSzkolnictwo _xsocjologia _zPolska _yod 1989 r. |
|
| 655 | _aSzkice literackie | ||
| 700 | 1 |
_aGAWEŁ-LUTY, Elżbieta. _eRed. |
|
| 710 | 0 | _aPomorska Akademia Pedagogiczna (Słupsk) | |
| 020 | _a8388731807 | ||
| 040 | _cBPK | ||
| 041 | 0 | _apol | |
| 080 | _a316.74/.75:37:316.64](438)"1989/..." | ||
| 920 | _a83-88731-80-7 | ||
| 942 | _cKS | ||
| 008 | s pl f |000 0 pol | ||
| 999 |
_c42498 _d42498 |
||
| 856 |
_uhttp://koha.tu.koszalin.pl/cgi-bin/koha/opac-detail.pl?biblionumber=42498 _yKatalog online BPK |
||